El mayo frances; a 30 a¥os [documento web] /

Guardado en:
Autor Principal: Alpini Alfredo
Formato: Libro
Publicado: : , 1997
Etiquetas: Agregar Etiqueta
Sin Etiquetas, Sea el primero en etiquetar este registro!
LEADER 00388nam a22001455a 4500
001 CEM.cems010157
005 20060214000000.0
008 130507s1997##################000#0#####d
003 CEMS
082 0 4 |a F301 
100 1 |a Alpini Alfredo 
245 1 0 |a El mayo frances; a 30 a¥os [documento web] / 
260 |a : ,  |c 1997 
300 |a 14 p. 1 
859 |a CEMS  |b BIB. CEMS - 11 de abril  |h F301  |i 7-5  |p 1646.44  |t Ej.1